Bücher der Bibel - Statistiken

Allgemein
  • Dieses Quiz wurde 2.351 mal gespielt
    2.341 seit der letzten Aktualisierung
  • Das Durchschnittsergebnis liegt bei 31 aus 73
Antwortstatistiken
Buch % Korrekt
Genesis
89%
Johannes
89%
Lukas
86%
Markus
85%
Matthäus
85%
Exodus
79%
Offenbarung
71%
Römer
67%
Levitikus
64%
Rut
63%
Psalmen
62%
Numeri
59%
Jesaja
57%
Deuteronomium
56%
Apostelgeschichte
55%
1. Könige
54%
2. Könige
54%
Jeremia
54%
Richter
53%
Josua
52%
1. Korinther
49%
2. Korinther
49%
1. Samuel
48%
2. Samuel
48%
Ester
46%
Esra
45%
Judas
45%
1. Johannes
44%
2. Johannes
44%
Daniel
44%
1. Chronik
43%
2. Chronik
43%
Epheser
43%
Jona
43%
Galater
42%
1. Petrus
40%
2. Petrus
40%
3. Johannes
40%
Hohelied
38%
Philipper
37%
Nehemia
36%
1. Thessalonicher
35%
2. Thessalonicher
35%
Hebräer
35%
Kolosser
35%
1. Timotheus
33%
2. Timotheus
33%
Amos
33%
Klagelieder
33%
Habakuk
32%
Micha
32%
Titus
32%
Maleachi
31%
Ijob
30%
Jakobus
30%
Obadja
29%
Sprichwörter
29%
Philemon
28%
Ezechiel
27%
Joel
26%
Hosea
25%
Zefanja
24%
Weisheit
23%
1. Makkabäer
22%
2. Makkabäer
22%
Judit
22%
Nahum
22%
Tobit
21%
Haggai
19%
Kohelet
19%
Sacharia
17%
Jesus Sirah
14%
Baruch
13%
Keine übereinstimmenden Quizze gefunden
Verteilung der Resultate
Anzahl Personen mit jedem Resultat
Perzentil nach korrekt beantworteten Fragen
Ihre Resultats-Entwicklung
Sie haben dieses Quiz seit der letzten Aktualisierung nicht gespielt